000 01115nam a22003617a 4500
001 BR2015003804
003 BR-BrBNA
005 20230928104656.0
007 ta
008 230509b bl.||||| |||| 00| 0 por d
040 _aBR-BrBNA
_bpor
_cBiblioteca Nacional de Agricultura
041 _a(Por)
072 _aE14
090 _ E14 BR2015003804
100 1 _aHelfand, S.M. (org.)
100 1 _aRezende, G.C. de (org.)
110 1 _aInstituto de Pesquisa Econômica Aplicada, Rio de Janeiro, RJ (Brasil)
_96126
245 1 _aRegião e espaço no desenvolvimento agrícola brasileiro
260 3 _aRio de Janeiro, RJ (Brasil):
_c2003.
300 _a389 p.
500 _aIncludes several bibliographies; 25 illus.; 52 graphs.; 76 tables
650 _aECONOMIA AGRÍCOLA
650 _aDESENVOLVIMENTO AGRÍCOLA
650 _aPOLÍTICAS PÚBLICAS
650 _aGEOGRAFIA ECONÔMICA
650 _aMERCADO
650 _aINDÚSTRIA AGRÍCOLA
650 _aESTRUTURA AGRÁRIA
650 _aINTEGRAÇÃO
650 _aPRODUÇÃO AGRÍCOLA
909 _a202309
_bLucia
_c55
_dLucia Elande
942 _cBK
999 _c81163
_d81163